=LDR 00000nam 2200000 4500 =001 INLIS000000000048097 =005 20201125021333 =035 ##$$a 0010-051600000000002 =008 201125################g##########0#ind## =020 ##$$a 979-518-891-7 =082 ##$$a 324.6 =090 ##$$a 324.6 Gau m =100 1#$$a Gautama, Sidarta =245 1#$$a Megawati Soekarnoputri : $b Di tengah rivalitas calon-calon presiden 2004 /$c Sidarta Gautama =260 ##$$a Jakarta :$b Rineka Cipta,$c 2004 =300 ##$$a xii, 146 hlm ; $c 18 x 11 cm =084 ##$$a 324.6 GAU m =250 ##$$a cet.1 =650 #4$$a Presiden, Pemilihan =990 ##$$a 10606882 =990 ##$$a 10606883 =990 ##$$a 20609910 =990 ##$$a 10606885 =990 ##$$a 20609911 =990 ##$$a 20609909 =990 ##$$a 35583558 =990 ##$$a 20609908 =990 ##$$a 10606882 =990 ##$$a 10606883 =990 ##$$a 20609910 =990 ##$$a 10606885 =990 ##$$a 20609911 =990 ##$$a 20609909